000 00592nam a2200181 i 4500
001 25600
003 ES-MaACL
005 20230906153311.0
007 t|
008 021227q1946 sp ||||1| spa d
100 1 _aArmiñán, Luis de,
_d1899-1987
_9155862
245 1 0 _aFractice!, Francia hoy /
_cLuis de Armiñan ; prólogo de [Juan Ignacio Luca de Tena].
260 _aMadrid :
_bAves,
_c1946? (
_fSelecciones Gráficas)
300 _a275 p. ;
_c21 cm.
700 1 _aLuca de Tena, Juan Ignacio,
_d1897-1975
_974513
852 _aES-MaACL
_jB-10305
_bR.22030
999 _c25600
_d25600